New Holland TG 285 prehľadné a jednoduché ovládanie stroja

Bibliographic Details
Main Author: Kukučka, Marián (Author)
Format: Article
Language:Slovak
PhysicalDescription:Fotogr., tab.
ISSN:1335-6178
Subjects:

MARC

LEADER 00000nab a2200000 a 4500
001 vtls008631579
003 SK-MaSNL
005 20260304145616.0
008 250505c2005 xo mr|p|||||||000 b|slo
015 |a SNBRB2006/03  |2 snkbucl 
035 |a (uuid)1cd02fac-d1fe-4cfa-922f-9d6c87930e90 
035 |a urn:nbn:sk:snk-ab1uco 
035 |a (urnnbn)urn:nbn:sk:snk:ar-a00yws 
038 |a SNKBUCL 
040 |a SNKBUCL  |b slo  |c SNKBUCL  |e AACR2 
041 0 |a slo 
044 |a xo  |c SK 
080 |a 631.372  |2 1997 
080 |a 629.366.014.2  |2 1997 
100 1 |a Kukučka, Marián  |4 aut  |9 267563 
245 1 0 |a New Holland TG 285  |b prehľadné a jednoduché ovládanie stroja  |c Marián Kukučka 
300 |b Fotogr., tab. 
650 0 7 |a poľnohospodárske stroje  |2 snkbucl  |9 3574 
650 0 7 |a traktory  |2 snkbucl  |9 26007 
650 0 7 |a New Holland TG 285 (traktor)  |2 snkbucl  |9 1468685 
773 0 |t Moderná mechanizácia v poľnohospodárstve  |g Roč. VIII, č. 7 (2005), s. 19-21  |x 1335-6178 
850 |a Slovenská národná knižnica 
852 |a Slovenská národná knižnica 
954 |a odborná, vedecká literatúra pôvodná (slovenská)  |2 lita 
958 |a article27 
958 |a OND 
958 |a EUIPO 
999 |c 2936153  |d 2938083